| 000 | 00582nam a22002057a 4500 | ||
|---|---|---|---|
| 003 | OSt | ||
| 005 | 20140310181750.0 | ||
| 008 | 130626t xxu||||| |||| 00| 0 eng d | ||
| 020 | _a971847004 | ||
| 050 |
_aLB 2353 _b.Al386 1996 |
||
| 082 |
_aFIL 373.1262 _bAl2 1996 |
||
| 100 | _aAlferez, Merle S. | ||
| 245 |
_aScience High School entrance test reviewer / _cMerle S. Alferez. |
||
| 260 |
_aQuezon City, Metro Manila : _bGerPress Printing, _cc1996. |
||
| 300 |
_a163 p. : _c26 cm. : |
||
| 562 | _e1 | ||
| 650 |
_aReviewer _xEntrance Exam |
||
| 942 |
_2lcc _cBK |
||
| 999 |
_c3173 _d3173 |
||